Datum a čas kvízu
20.5
Celkem bodů
Celkový počet nahraných bodů na tomto kvízu bez doplňovacích otázek.
4.
Pořadí na kvízu
Konečné umístění týmu na tomto kvízu.
Zaznamenané odpovědi
| # | Otázka | Odpověď | Body | Výsledky |
|---|---|---|---|---|
| 1. | V pátek a sobotu se v Kolovči... | A) na Chodsku | 0 | |
| 2. | Příznivci alternativního divad... | C) automobily, autobusy a bagry | 1 | |
| 3. | Minulý týden bylo odtajněno po... | Libor Bouček; Žolík | 0.5 | |
| 4. | Speciálem etiopských aerolinií... | Lucy | 0 | |
| 5. | 25letý švédský atlet překonal... | Armand Duplantis; skok o tyči | 0.5 | |
| 6. | Hned v první otázce se zaměřím... | 1D 2A 3C 4B | 0 | |
| 7. | Z následujících možností vyber... | A | 1 | |
| 8. | Který z těchto výroků o prezid... | B | 0 | |
| 9. | NW Präsident byl v roce 1897 p... | Tatra, Kopřivnice | 0 | |
| 10. | Která zpěvačka nahrála skladbu... | Pink | 0 |